000 00511nam a22001577a 4500
003 OSt
005 20151001100956.0
008 151001b xxu||||| |||| 00| 0 eng d
040 _cRUA
082 _aAGR SAR 2005 B062 Or.1
100 _91655
_aSAR, SANPHIROM.
245 _aComparison de l'efficacite` des engrais organiques sur le rendement de la tomate a` la station expe`rimentale de l'univertite` royale d'\agriculture.
260 _aphnom phen
_bRUA
_c2005
300 _a44p.
_bill.
_c29cm.
942 _2ddc
_cAGR
999 _c1562
_d1562